| 000 | 00449nam a2200181Ia 4500 | ||
|---|---|---|---|
| 008 | 180921t1977 xxu||||| |||| 00| 0 sin d | ||
| 041 | _asin | ||
| 080 |
_a(x)631 _bSEN |
||
| 100 | _aSenevirathna, H.M.J. | ||
| 245 | _aගොවි අත් පොත | ||
| 246 | _aGovi ath potha | ||
| 260 |
_b _c1977 |
||
| 300 | _a47p., iill., cm | ||
| 650 |
_aSoil _aAgriculture |
||
| 942 | _cBK | ||
| 999 |
_c18414 _d18414 |
||
| 003 | LK-CoDNM | ||
| 040 |
_aLK-CoDNM _dLK-CoDNM _eLK-CoDNM |
||